Biodiversidad Asociada a los Sectores Manso y Tigre del Parque Nacional Natural Paramillo. (Registro nro. 20555)
[ vista simple ]
| 000 -CABECERA | |
|---|---|
| Campo de control | 01017nam a22002657a 4500 |
| 005 - FECHA Y HORA DE LA ULTIMA TRANSACCION | |
| Campo de control | 20191106051527.0 |
| 008 - ELEMENTOS DE LONGITUD FIJA—INFORMACION GENERAL | |
| Campo de control | 191106b xxu||||| |||| 00| 0 spa d |
| 020 ## - ISBN | |
| ISBN | 9789588426563 |
| 040 ## - FUENTE DE CATALOGACIÓN | |
| Agencia catalogadora original | CO-BoIAVH |
| Agencia transcriptora | CO-BoIAVH |
| 041 ## - IDIOMA | |
| Código de idioma para texto/pista de sonido o título separado | Español |
| 044 ## - PAÍS DE PUBLICACIÓN | |
| País de publicación | Colombia |
| 082 ## - NUMERO DE CLASIFICACION DECIMAL DEWEY | |
| Número de clasificación | 333.9507 |
| Número del ítem | P92b |
| 100 ## - ASIENTO PRINCIPAL--NOMBRE PERSONAL | |
| 9 (RLIN) | 7406 |
| Nombre personal | Pérez Torres, Jairo |
| Término relacionado | Autor |
| 245 ## - MENCION DE TITULO | |
| Título | Biodiversidad Asociada a los Sectores Manso y Tigre del Parque Nacional Natural Paramillo. |
| 260 ## - PUBLICACION, DISTRIBUCION, ETC. (PIE DE IMPRENTA) | |
| Lugar de publicación, distribución, etc. | Bogotá: |
| Nombre del editor, distribuidor, etc. | Parques Nacionales de Colombia, |
| -- | Ministerio de Ambiente y Desarrollo Sostenible, |
| Fecha de publicación, distribución, etc. | 2016. |
| 300 ## - DESCRIPCION FISICA | |
| Extensión | 248 Páginas: |
| Otros detalles físicos | fotografías, tablas, gráficos y mapas, |
| Dimensiones | 28 x 22 cm. |
| 500 ## - NOTA GENERAL | |
| Nota general | Incluye referencias bibliográficas. |
| 650 #0 - ASIENTO SECUNDARIO DE MATERIA - TERMINO TEMATICO | |
| 9 (RLIN) | 20406 |
| Término temático o nombre geográfico como elemento de entrada | Guías ambientales |
| 650 #0 - ASIENTO SECUNDARIO DE MATERIA - TERMINO TEMATICO | |
| 9 (RLIN) | 101897 |
| Término temático o nombre geográfico como elemento de entrada | lista de especies |
| Subdivisión de forma | flores |
| 650 #0 - ASIENTO SECUNDARIO DE MATERIA - TERMINO TEMATICO | |
| 9 (RLIN) | 6143 |
| Término temático o nombre geográfico como elemento de entrada | Ecosistemas |
| 651 #0 - ASIENTO SECUNDARIO DE MATERIA - NOMBRE GEOGRAFICO | |
| 9 (RLIN) | 101896 |
| Nombre geográfico | Parque Nacional Natural Paramillo |
| Subdivisión geográfica | Colombia |
| 700 ## - ASIENTO SECUNDARIO - NOMBRE PERSONAL | |
| 9 (RLIN) | 101894 |
| Nombre personal | Vidal Pastrana, Carlos |
| Término de relación | autor |
| 700 ## - ASIENTO SECUNDARIO - NOMBRE PERSONAL | |
| 9 (RLIN) | 101895 |
| Nombre personal | Racero Casarrubia, Javier |
| Término de relación | autor |
| 942 ## - ELEMENTOS ADICIONALES (KOHA) | |
| Sistema de clasificación | Dewey Decimal Classification |
| Tipo de ítem | Libro |
| Withdrawn status | Lost status | Sistema de Clasificación | Damaged status | No para préstamo | Colección | Ubicación Permanente | Ubicación actual | Fecha de adquisición | Total Checkouts | Número topográfico | Inventario / Código de Barras | Date last seen | Ejemplar | Price effective from | Forma de adquisición | Tipo de material |
|---|---|---|---|---|---|---|---|---|---|---|---|---|---|---|---|---|
| Dewey Decimal Classification | General | Bogotá | Bogotá | 06/11/2019 | LB-333.9507 P92b | 043679 | 06/11/2019 | Ej.1 | 06/11/2019 | Canje | Libro | |||||
| Dewey Decimal Classification | General | Bogotá | Bogotá | 06/11/2019 | LB-333.9507 P92b | 043680 | 06/11/2019 | Ej.2 | 06/11/2019 | Canje | Libro | |||||
| Dewey Decimal Classification | General | Bogotá | Bogotá | 06/11/2019 | LB-333.9507 P92b | 043681 | 06/11/2019 | Ej.3 | 06/11/2019 | Canje | Libro | |||||
| Dewey Decimal Classification | General | Bogotá | Bogotá | 06/11/2019 | LB-333.9507 P92b | 043682 | 06/11/2019 | Ej.4 | 06/11/2019 | Canje | Libro |